000 00330 a2200145 4500
999 _c12237
_d12237
003 OSt
005 20240111172416.0
008 240111b ||||| |||| 00| 0 eng d
020 _a9788415123729
082 _a728.5
100 _aKrauel, Jacobo
245 _aThe architecture of wellbeing
260 _bUNKNO
_c2014
942 _2ddc